00250nam a2200097Ia 4500008004100000100001800041245003200059260003400091300000900125650001800134190216s9999||||xx |||||||||||||| ||und|| aFrank Chaplen 0aWitness For The Prosecution bOxford University Pressc1978 a109p aEnglish Drama